| 000 | 00669cab a2200229 4500 | ||
|---|---|---|---|
| 001 | ABS53570 | ||
| 008 | 090401t1995 xxu||||| |||| 00| 0 eng d | ||
| 035 | _a(Sirsi) u5133 | ||
| 041 | _aeng | ||
| 100 | _aBrewis, A | ||
| 245 | _aCan joint ventures be marriages made in heaven? | ||
| 260 | _c1995 | ||
| 350 | _a0 | ||
| 490 |
_aUtility Week _v3(10) 15 September 1995, 25(1) |
||
| 520 | _aConsiders the benefits of joint venture partnerships. Includes a definition of `joint venture`. | ||
| 650 | _aCONTRACTUAL AGREEMENTS | ||
| 650 | _aJOINT VENTURES | ||
| 650 | _aPARTNERSHIPS | ||
| 690 | _aPROPERTY-PROPERTY DEVELOPMENT | ||
| 942 | _n0 | ||
| 948 | _c04/03/1997 | ||
| 999 |
_c3077 _d3077 |
||